| 000 | 00414 a2200169 4500 | ||
|---|---|---|---|
| 999 |
_c4123 _d4123 |
||
| 020 | _a9780330282840 | ||
| 050 | _aPR6068 RUS 1984 | ||
| 100 |
_aRushdie, Salman _eauthor |
||
| 245 |
_aShame/ _cSalman Rushdie |
||
| 264 |
_aLondon _bPicador _c1984 |
||
| 300 | _a287p. : | ||
| 500 | _aNovel | ||
| 650 | _aShame -- Fiction. | ||
| 650 | _aPakistan -- Fiction. | ||
| 651 | _aPakistan | ||
| 942 |
_2lcc _cBK _h6068 _iRUS _kPR |
||